Les meilleurs buteurs de l'histoire du RB Leipzig - Statistiques

Statistiques générales
  • Ce quiz a été pris 37 fois
  • Le résultat moyen est 5 sur 10
Statistiques - réponses
Buts Nationalité Joueur % Correct
113 Allemagne Timo Werner
97%
70 France Christopher Nkunku
85%
89 Danemark Yussuf Poulsen
82%
28 Espagne Dani Olmo
73%
71 Suède Emil Forsberg
73%
52 Autriche Marcel Sabitzer
52%
28 Hongrie Willi Orbán
39%
87 Allemagne Daniel Frahn
3%
34 Allemagne Dominik Kaiser
0%
27 Allemagne Stefan Kutschke
0%
Aucun quiz correspondant
Distribution des résultats
% des personnes avec chaque résultat
Percentile par nombre de réponses
Votre historique - résultats
Vous n’avez pas pris ce quiz